00434nam a2200145Ia 4500003000400000005001700004008004100021020001800062040000900080082001900089100002500108245010200133260004400235300000900279OSt20200616122720.0190216s9999||||xx |||||||||||||| ||und|| a9780195642933 coclc a306.089bDAN/C aDaniel, E Valentine  0aChapters In An Anthropography Of Violence:bSrilankans, Sinhalas And Tamils /cE Valentine Daniel bOxford University Press,aDelhi:c1997: a252p